| 000 | 01018nam a2200277 a 4500 | ||
|---|---|---|---|
| 005 | 20200104041543.0 | ||
| 008 | 140221b1997 ck a gr|||| 00| 0 spa d | ||
| 040 |
_aCO-BoIAVH _cCO-BoIAVH |
||
| 041 | _aspa | ||
| 044 | _ack | ||
| 082 | 4 |
_a333.78316 _bP95p |
|
| 090 |
_aLB _b00576 |
||
| 111 | 2 |
_aPrimer Congreso Latinoamericano de Parques Nacionales Naturales y otras Areas Protegidas _cSanta Marta _dmayo, 1997 _n1 |
|
| 245 | 1 | _aPrimer congreso latinoamericano de parques nacionales naturales y otras áreas protegidas | |
| 260 |
_aSanta Marta _bUAESPNN _c1997 |
||
| 300 |
_a90 paginas _bilustraciones; _c28 x 22 cm. |
||
| 505 | _aVol. 1: Informe Nacional Colombia - 1997 | ||
| 505 | _aVol. 2: Memorias - 1998 | ||
| 650 | 4 | _aConservación de ecosistemas | |
| 650 | 4 | _aAreas protegidas | |
| 650 | 4 | _aParques nacionales naturales | |
| 650 | 4 | _aManejo de áreas protegidas | |
| 650 | 4 | _aOrdenamiento territorial ambiental | |
| 942 |
_cLIBRO _2ddc |
||
| 945 | _d1998-01-26 | ||
| 999 |
_c3792 _d3792 |
||